000 00508nam a2200145Ia 4500
008 140724s9999 xx 000 0 und d
050 _aQA 76.9.S88
_b.M474 2012
100 _aMayuga, Jessica Viab V.
245 _aInformation and billing system of Virtucid Dental Clinic /
_cJessica Viab V. Mayuga.
260 _aLas PiƱas, Philippines :
_bSouthville International School and Colleges,
_cc2012.
300 _a187 p. :
_bill. ;
_c28 cm.
521 _aInformation Technology
942 _cTH
999 _c229254
_d229254